[Event "Reykjavik Open 2026"]
[Site "Reykjavik ISL"]
[Date "2026.03.27"]
[Round "4.5"]
[White "Oskarsson, Markus Orri"]
[Black "Stefansson, Vignir Vatnar"]
[Result "0-1"]
[BlackTitle "GM"]
[WhiteElo "2049"]
[BlackElo "2511"]
[WhiteFideId "2320118"]
[BlackFideId "2308649"]
[EventDate "2026.03.25"]

1. d4 e6 2. c4 f5 3. g3 Nf6 4. Bg2 g6 5. Nf3 Bg7 6. O-O O-O 7. Nc3 d6 8. Qc2 Nc6
9. Rd1 Qe7 10. d5 Nb4 11. Qb3 a5 12. dxe6 Bxe6 13. Ng5 Rab8 14. Nxe6 Qxe6 15.
Be3 b6 16. Bd4 Ne4 17. a3 Nc6 18. Bxg7 Kxg7 19. Rac1 Rbe8 20. Qc2 Kg8 21. Qd3
Ne5 22. Qd5 Qxd5 23. Nxd5 Rf7 24. b4 Nc6 25. e3 Kg7 26. Bf1 Ra8 27. Ra1 Ra7 28.
f3 Ng5 29. Be2 Ne6 30. Rdc1 Rf8 31. f4 axb4 32. axb4 Rfa8 33. Rxa7 Rxa7 34. Bf3
Nb8 35. g4 Nd7 36. gxf5 gxf5 37. Ne7 Kf6 38. Nd5+ Kf7 39. Bh5+ Kf8 40. Rc2 Ra3
41. Bf3 Ra4 42. Rb2 Ra1+ 43. Kf2 Rc1 44. Ra2 Rxc4 45. Ra8+ Kg7 46. Ne7 Rxb4 47.
Nxf5+ Kf6 48. Nh6 Rb2+ 49. Kg3 Rb3 50. Kf2 b5 51. h4 b4 52. h5 Rb2+ 53. Kg3 Rd2
54. Ng8+ Kf7 55. Nh6+ Kg7 56. Ng4 b3 57. h6+ Kf7 58. Be4 Ndf8 59. Ra7 d5 60. Bf5
Ke7 61. Ne5 b2 62. Rb7 Kf6 63. Bb1 Nc5 64. Rb4 Ke7 65. f5 Kf6 66. Nf3 Re2 67.
Kf4 Rg2 68. Ne5 Rf2+ 69. Nf3 Nfd7 70. Kg3 Re2 71. Kf4 Rg2 72. Nh4 Rf2+ 73. Kg3
Re2 74. Kf3 Rd2 75. Ng6 hxg6 76. fxg6 Ne5+ 77. Kg3 Nxg6 78. h7 Ne4+ 0-1

[Event "Reykjavik Open 2026"]
[Site "Reykjavik ISL"]
[Date "2026.03.27"]
[Round "4.6"]
[White "Gupta, Abhijeet"]
[Black "Magzumov, Damirali"]
[Result "1-0"]
[WhiteTitle "GM"]
[WhiteElo "2506"]
[BlackElo "1782"]
[WhiteFideId "5010608"]
[BlackFideId "13727117"]
[EventDate "2026.03.25"]

1. d4 Nf6 2. Nf3 e6 3. Bf4 c5 4. e3 Qb6 5. Qc1 Nc6 6. c3 Be7 7. Nbd2 d5 8. h4
Bd7 9. Bd3 Rc8 10. Qb1 a6 11. h5 h6 12. a4 c4 13. Bc2 Qd8 14. Ne5 b5 15. Ndf3 b4
16. Bg6 O-O 17. Bxf7+ Rxf7 18. Nxf7 Kxf7 19. Bxh6 Ne4 20. Bf4 bxc3 21. bxc3 Qa5
22. O-O Qxc3 23. Qb7 Ke8 24. Qxa6 Qa5 25. Qb5 Qa7 26. Qb1 Nb4 27. Ne5 c3 28. Qd1
Nf6 29. Qf3 Nc6 30. Qg3 Nxe5 31. dxe5 Ne4 32. Qxg7 Bc6 33. h6 Kd7 34. h7 Qa8 35.
f3 Nd2 36. Bg5 Re8 37. Bxe7 Rxe7 38. h8=Q Rxg7 39. Qxg7+ Kd8 40. Qf6+ 1-0

[Event "Reykjavik Open 2026"]
[Site "Reykjavik ISL"]
[Date "2026.03.27"]
[Round "4.7"]
[White "Ernisson, Petur Ulfar"]
[Black "Balakrishnan, Praveen"]
[Result "0-1"]
[BlackTitle "GM"]
[WhiteElo "1738"]
[BlackElo "2496"]
[WhiteFideId "2326116"]
[BlackFideId "2064871"]
[EventDate "2026.03.25"]

1. e4 e6 2. d4 d5 3. e5 c5 4. c3 Nc6 5. Nf3 Bd7 6. Bd3 cxd4 7. cxd4 Qb6 8. O-O
Nxd4 9. Nbd2 Bc5 10. b4 Nxf3+ 11. Nxf3 Qxb4 12. Rb1 Qa4 13. Qxa4 Bxa4 14. Rxb7
Ne7 15. Bb2 Bc6 16. Rb3 Bb6 17. Ba3 f6 18. Rc1 Bd7 19. Bd6 Rc8 20. Rbc3 Rxc3 21.
Rxc3 Kf7 22. Kf1 Rc8 23. Rxc8 Nxc8 24. Bb4 h6 25. Bc3 Bc7 26. Bd4 a5 27. h4 Ne7
28. h5 f5 29. Bc5 Ba4 30. Bxe7 Kxe7 31. Be2 Be8 32. Ke1 Bxh5 33. Nd4 Be8 34. f4
g5 35. g3 Bb6 36. Nc2 gxf4 37. gxf4 Ba4 38. Kd2 Bxc2 39. Kxc2 Be3 40. Kd3 Bxf4
41. Kd4 Bc1 42. Kc5 a4 43. Bf3 Bb2 44. Kb4 a3 45. Be2 Bxe5 46. Kxa3 Kd6 47. Kb3
Bd4 48. Kc2 e5 49. Kd3 Bb6 50. a4 e4+ 51. Kd2 f4 52. Bh5 f3 53. Ke1 Ke5 0-1

[Event "Reykjavik Open 2026"]
[Site "Reykjavik ISL"]
[Date "2026.03.27"]
[Round "4.8"]
[White "Ivanchuk, Vasyl"]
[Black "Sochacki, Christophe"]
[Result "1-0"]
[WhiteTitle "GM"]
[BlackTitle "GM"]
[WhiteElo "2624"]
[BlackElo "2459"]
[WhiteFideId "14100010"]
[BlackFideId "662569"]
[EventDate "2026.03.25"]

1. e4 e6 2. d4 d5 3. exd5 exd5 4. Bd3 Nf6 5. Ne2 c5 6. c3 Nc6 7. O-O Bd6 8. Bf4
cxd4 9. Bxd6 Qxd6 10. Nxd4 Nxd4 11. cxd4 O-O 12. Nc3 Be6 13. Qd2 Rac8 14. Rae1
Rfd8 15. f3 Qb4 16. Qf2 Nh5 17. Kh1 h6 18. Qd2 Kf8 19. Bb1 Rc4 20. Rd1 Qd6 21.
Rfe1 Qf4 22. Qf2 Nf6 23. a3 Ng4 24. Qg1 Nf6 25. Re5 Nd7 26. Nxd5 Qh4 27. Re4 Qg5
28. Ne3 Rcc8 29. d5 Nf6 30. f4 Qh5 31. Re5 g5 32. dxe6 Rxd1 33. e7+ Kg7 34. Nxd1
Rc1 35. Re1 Qh4 36. Bd3 g4 37. g3 Qh5 38. Qd4 1-0

[Event "Reykjavik Open 2026"]
[Site "Reykjavik ISL"]
[Date "2026.03.27"]
[Round "4.9"]
[White "Yip, Carissa"]
[Black "Lagarde, Maxime"]
[Result "0-1"]
[WhiteTitle "IM"]
[BlackTitle "GM"]
[WhiteElo "2486"]
[BlackElo "2618"]
[WhiteFideId "2090732"]
[BlackFideId "662399"]
[EventDate "2026.03.25"]

1. e4 c5 2. c3 Nf6 3. e5 Nd5 4. Nf3 d6 5. d4 cxd4 6. cxd4 Nc6 7. Bc4 dxe5 8.
dxe5 Be6 9. O-O Nc7 10. Bxe6 Nxe6 11. Qe2 g6 12. Nc3 Bg7 13. Rd1 Qb8 14. Nd5 O-O
15. Qe4 Nxe5 16. Ng5 Nxg5 17. Nxe7+ Kh8 18. Bxg5 f6 19. Bf4 Qe8 20. Nd5 Rc8 21.
Qb4 Qf7 22. Qb3 f5 23. Re1 Nc6 24. Nc3 Qxb3 25. axb3 a6 26. Rac1 Rfe8 27. Rxe8+
Rxe8 28. Kf1 Kg8 29. Na4 Bd4 30. Nc5 Bxc5 31. Rxc5 Re4 32. Bd2 Kf7 33. b4 Re5
34. Rc4 Ke6 35. f3 Rd5 36. Bc3 Rd1+ 37. Ke2 Rc1 38. Rh4 Rc2+ 39. Kd3 Rxg2 40.
Rxh7 Ne7 41. h4 Rh2 42. Bd2 Nc6 43. Bc3 b5 44. Rh6 Kf7 45. Rh7+ Ke6 46. Rh6 Ne5+
47. Ke3 Rh3 48. Ke2 Kd5 49. f4 Nd3 50. Bd2 Kd4 51. Rxg6 Rh2+ 52. Kd1 Nxb2+ 53.
Kc1 Nc4 54. Be1 Rh1 55. Re6 Kd3 0-1

[Event "Reykjavik Open 2026"]
[Site "Reykjavik ISL"]
[Date "2026.03.27"]
[Round "4.10"]
[White "Garifullina, Leya"]
[Black "Amar, Elham"]
[Result "1-0"]
[WhiteTitle "IM"]
[BlackTitle "GM"]
[WhiteElo "2454"]
[BlackElo "2581"]
[WhiteFideId "34127035"]
[BlackFideId "1533533"]
[EventDate "2026.03.25"]

1. e4 c5 2. Nf3 Nc6 3. Bb5 e6 4. O-O Nge7 5. d4 cxd4 6. Nxd4 Ng6 7. Be3 Be7 8.
c3 O-O 9. Nd2 a6 10. Be2 b5 11. a4 Nxd4 12. cxd4 bxa4 13. Qxa4 Bb7 14. Bd3 f5
15. exf5 Nh4 16. fxe6 Bxg2 17. Qxd7 Qxd7 18. exd7 Bxf1 19. Kxf1 Nf5 20. Ke2 Rf6
21. Nc4 Rd8 22. Ne5 Bd6 23. Bxa6 Nxe3 24. fxe3 Kf8 25. Bc4 Bxe5 26. dxe5 Rf5 27.
e6 Ke7 28. b4 Rdf8 29. Rg1 g6 30. h4 Rf2+ 31. Kd3 Rf1 32. Rg4 Rd1+ 33. Ke2 Rh1
34. b5 Rh3 35. Rd4 Rh2+ 36. Kd3 Rh1 37. Kc3 Rb1 38. Rd2 h6 39. Kd4 g5 40. hxg5
hxg5 41. Kc5 Rh1 42. b6 g4 43. b7 Rhh8 44. Bd5 g3 45. Ra2 Rf1 46. Ra8 Rc1+ 47.
Kb6 1-0

[Event "Reykjavik Open 2026"]
[Site "Reykjavik ISL"]
[Date "2026.03.27"]
[Round "4.11"]
[White "Andersen, Mads"]
[Black "Siva, Mahadevan"]
[Result "1/2-1/2"]
[WhiteTitle "GM"]
[BlackTitle "IM"]
[WhiteElo "2562"]
[BlackElo "2454"]
[WhiteFideId "1413864"]
[BlackFideId "25043153"]
[EventDate "2026.03.25"]

1. e4 e5 2. Nf3 Nc6 3. Bb5 a6 4. Ba4 Nf6 5. O-O Be7 6. Re1 b5 7. Bb3 O-O 8. a4
Bb7 9. c3 d5 10. exd5 Nxd5 11. axb5 axb5 12. Rxa8 Bxa8 13. d4 exd4 14. Qd3 Nf6
15. Qxb5 dxc3 16. Nxc3 h6 17. Qf5 Qc8 18. Qg6 Qg4 19. Qxg4 Nxg4 20. Bf4 Rb8 21.
Bd5 Bd6 22. Bxd6 cxd6 23. Ne4 Nce5 24. Bxa8 Rxa8 25. Nxd6 Nd3 26. Rb1 Ra2 27.
Ne4 f5 28. Nc3 Rxb2 29. Rxb2 Nxb2 30. h3 Nf6 31. Ne5 Kf8 32. f4 Ke7 33. Kf2 Kd6
34. Kf3 Kc5 35. g4 fxg4+ 36. hxg4 Nc4 37. Nxc4 Kxc4 38. Ne4 Kd5 39. Nxf6+ gxf6
40. f5 Ke5 41. Kg3 h5 42. gxh5 Kxf5 43. Kh4 Ke6 44. Kg4 Kf7 45. Kf5 Kg7 46. h6+
Kxh6 47. Kxf6 1/2-1/2

[Event "Reykjavik Open 2026"]
[Site "Reykjavik ISL"]
[Date "2026.03.27"]
[Round "4.12"]
[White "Akhvlediani, Irakli"]
[Black "Xiao, Tong(QD)"]
[Result "0-1"]
[WhiteTitle "IM"]
[BlackTitle "GM"]
[WhiteElo "2429"]
[BlackElo "2555"]
[WhiteFideId "13601938"]
[BlackFideId "8622388"]
[EventDate "2026.03.25"]

1. d4 Nf6 2. c4 e6 3. Nc3 Bb4 4. e3 b6 5. Ne2 Ne4 6. Qc2 Bb7 7. a3 Bxc3+ 8. Nxc3
Nxc3 9. Qxc3 d6 10. Bd3 Qg5 11. Rg1 Qh4 12. h3 Nd7 13. Bd2 Nf6 14. Qc2 a5 15.
Qa4+ Ke7 16. Qc2 Be4 17. Bxe4 Qxe4 18. Qxe4 Nxe4 19. f3 Nxd2 20. Kxd2 a4 21. Kd3
Rhb8 22. Rgc1 Kd7 23. Rc2 b5 24. c5 b4 25. cxd6 cxd6 26. Rac1 Ra7 27. Rc4 bxa3
28. bxa3 Rb3+ 29. R1c3 d5 30. Rc5 Rab7 31. e4 Rxc3+ 32. Rxc3 Rb2 33. Rc2 Rb1 34.
exd5 exd5 35. Rc5 Kd6 36. Kc2 Rg1 37. Ra5 Rxg2+ 38. Kd3 Rg3 39. Ke3 Rxh3 40.
Rxa4 g5 41. Kf2 Rh1 42. Ra6+ Ke7 43. a4 h5 44. a5 h4 45. Rh6 Ra1 46. f4 gxf4 47.
Rxh4 Rxa5 48. Rxf4 Ke6 49. Rf3 Ra2+ 50. Kg3 Re2 51. Ra3 Re4 52. Ra4 Kf5 53. Kf3
f6 54. Rb4 Rh4 55. Kg3 Rf4 56. Ra4 Ke4 57. Ra6 Rf3+ 58. Kg2 Rf5 59. Ra4 Ke3 60.
Rb4 Rf4 61. Kg3 Rxd4 62. Rb6 f5 0-1

[Event "Reykjavik Open 2026"]
[Site "Reykjavik ISL"]
[Date "2026.03.27"]
[Round "4.13"]
[White "Sanal, Vahap"]
[Black "Griffith, Kyron"]
[Result "1-0"]
[WhiteTitle "GM"]
[BlackTitle "IM"]
[WhiteElo "2551"]
[BlackElo "2415"]
[WhiteFideId "6300545"]
[BlackFideId "2046318"]
[EventDate "2026.03.25"]

1. e4 c5 2. Nf3 e6 3. d3 Nc6 4. g3 d5 5. Qe2 Nf6 6. Bg2 Be7 7. O-O O-O 8. e5 Nd7
9. c4 a6 10. a4 Rb8 11. h4 b5 12. axb5 axb5 13. Bf4 bxc4 14. dxc4 Nb6 15. b3 Bb7
16. Nbd2 h6 17. Rfd1 Ra8 18. h5 Nb4 19. Ne1 Qc7 20. Nf1 Rxa1 21. Rxa1 Ra8 22.
Rxa8+ Bxa8 23. Ne3 Qa7 24. Ng4 Bf8 25. Kh2 Qa1 26. Nf3 Qc3 27. Nd2 Nc2 28. cxd5
Nxd5 29. Bxh6 gxh6 30. Ne4 Qxb3 31. Ngf6+ Kh8 32. Qg4 Nxf6 33. Nxf6 Bg7 34. Bxa8
Nd4 35. Qe4 Qc2 36. Qe3 Qd1 37. Bg2 c4 38. Qa3 Bxf6 39. Qf8+ Kh7 40. Qxf7+ Bg7
41. Be4+ Nf5 42. Qg6+ Kh8 43. Qe8+ Kh7 44. Qxe6 Qd8 45. Bxf5+ Kh8 46. Qg6 Qg8
47. e6 1-0

[Event "Reykjavik Open 2026"]
[Site "Reykjavik ISL"]
[Date "2026.03.27"]
[Round "4.14"]
[White "Injac, Teodora"]
[Black "Tiglon, Bryce"]
[Result "1-0"]
[WhiteTitle "IM"]
[BlackTitle "GM"]
[WhiteElo "2417"]
[BlackElo "2550"]
[WhiteFideId "932400"]
[BlackFideId "2087456"]
[EventDate "2026.03.25"]

1. c4 c6 2. Nf3 d5 3. g3 g6 4. Bg2 Bg7 5. O-O e5 6. d3 Ne7 7. e4 O-O 8. b4 f6 9.
Nbd2 Be6 10. a4 Nd7 11. b5 dxc4 12. Nxc4 Nc5 13. Ba3 cxb5 14. axb5 Rc8 15. Na5
Qb6 16. Qb1 Rc7 17. Rc1 Rfc8 18. Nc4 Bxc4 19. Rxc4 Bf8 20. d4 Nd7 21. Rxc7 Rxc7
22. Qb3+ Kg7 23. dxe5 Nxe5 24. Nxe5 fxe5 25. Rd1 Qf6 26. f4 Nc8 27. Bb2 Bc5+ 28.
Kh1 Bd4 29. Bxd4 exd4 30. e5 Qb6 31. Qd5 Ne7 32. Qd8 Nf5 33. Bd5 Ne7 34. Be4 d3
35. Qxd3 Qc5 36. Qd6 Qxd6 37. Rxd6 Nc8 38. Rd8 Ne7 39. Kg2 Kf7 40. g4 Rc5 41.
Bd3 g5 42. fxg5 Rxe5 43. h4 b6 44. Kf3 Rc5 45. Rd7 Ke6 46. Rxa7 Rc3 47. Ke2 Nd5
48. Bxh7 Ke5 49. Bf5 Rh3 50. g6 Rh2+ 51. Kf3 Rh3+ 52. Kf2 Rxh4 53. Rh7 1-0

[Event "Reykjavik Open 2026"]
[Site "Reykjavik ISL"]
[Date "2026.03.27"]
[Round "4.15"]
[White "Can, Emre"]
[Black "Narva, Mai"]
[Result "0-1"]
[WhiteTitle "GM"]
[BlackTitle "IM"]
[WhiteElo "2541"]
[BlackElo "2413"]
[WhiteFideId "6302181"]
[BlackFideId "4500512"]
[EventDate "2026.03.25"]

1. e4 c6 2. Nf3 d5 3. d3 dxe4 4. dxe4 Qxd1+ 5. Kxd1 Nf6 6. Nbd2 Nbd7 7. Ne1 e5
8. f3 Nb6 9. Nd3 Bd6 10. a4 a5 11. Nb3 Nbd7 12. Be3 b6 13. c3 Ba6 14. Kc2 Ke7
15. Nd2 Ne8 16. Nf2 Bc7 17. Bxa6 Rxa6 18. Nd3 Nd6 19. g4 Rha8 20. g5 Nb7 21.
Rhg1 Bd6 22. Rg3 b5 23. Rh3 Rh8 24. Nb3 Raa8 25. Rh4 Nf8 26. Rg4 Ne6 27. h4 Rhc8
28. Nbc1 Nbc5 29. Bxc5 Nxc5 30. Nxc5 Bxc5 31. Nd3 Bd6 32. f4 exf4 33. e5 Bc7 34.
Rxf4 Rf8 35. Re4 Rfd8 36. Nf4 Rab8 37. Rf1 bxa4 38. Nh5 Rb5 39. e6 fxe6 40. Nxg7
Be5 41. Nh5 Rdb8 42. Rfe1 Kd6 43. Nf6 Rxb2+ 44. Kd3 Bxf6 45. gxf6 a3 46. Kc4 a2
47. Rxe6+ Kc7 48. f7 Rf8 49. Re7+ Kb6 50. Ra1 Rf2 51. Kb3 R8xf7 52. Rxa2 a4+ 53.
Kb4 R2f4+ 0-1

[Event "Reykjavik Open 2026"]
[Site "Reykjavik ISL"]
[Date "2026.03.27"]
[Round "4.16"]
[White "Manish Anto, Cristiano F"]
[Black "Cornette, Matthieu"]
[Result "1/2-1/2"]
[WhiteTitle "IM"]
[BlackTitle "GM"]
[WhiteElo "2384"]
[BlackElo "2535"]
[WhiteFideId "25095927"]
[BlackFideId "620084"]
[EventDate "2026.03.25"]

1. e4 c5 2. Nf3 Nc6 3. d4 cxd4 4. Nxd4 Nf6 5. Nc3 e5 6. Ndb5 d6 7. Bg5 a6 8. Na3
b5 9. Nd5 Be7 10. Bxf6 Bxf6 11. c3 O-O 12. Nc2 Be6 13. a4 Ne7 14. Ncb4 Nxd5 15.
Nxd5 Bg5 16. Be2 Qb8 17. axb5 axb5 18. Rxa8 Qxa8 19. O-O Bxd5 1/2-1/2

[Event "Reykjavik Open 2026"]
[Site "Reykjavik ISL"]
[Date "2026.03.27"]
[Round "4.17"]
[White "Sklokin, Sergey"]
[Black "Suleymenov, Alisher"]
[Result "1/2-1/2"]
[WhiteTitle "FM"]
[BlackTitle "GM"]
[WhiteElo "2414"]
[BlackElo "2523"]
[WhiteFideId "55730230"]
[BlackFideId "13707833"]
[EventDate "2026.03.25"]

1. e4 e5 2. Nf3 Nc6 3. Bc4 Nf6 4. d3 Be7 5. O-O O-O 6. Nc3 d6 7. a4 Be6 8. Bg5
Nxe4 9. Nxe4 d5 10. Bxe7 Qxe7 11. Bb5 dxe4 12. Bxc6 bxc6 13. dxe4 Bc4 14. Re1
Rfd8 15. Qc1 f6 16. Qe3 Qb4 17. b3 Be6 18. Red1 c5 19. c4 Rab8 20. Rxd8+ Rxd8
21. a5 Rb8 22. h3 a6 23. Nd2 Rd8 24. Nf3 Rb8 25. Nd2 Rd8 26. Nf3 1/2-1/2

[Event "Reykjavik Open 2026"]
[Site "Reykjavik ISL"]
[Date "2026.03.27"]
[Round "4.18"]
[White "Chasin, Nico"]
[Black "Wang, Qibiao"]
[Result "1-0"]
[WhiteTitle "IM"]
[WhiteElo "2523"]
[BlackElo "2332"]
[WhiteFideId "30908477"]
[BlackFideId "8604282"]
[EventDate "2026.03.25"]

1. c4 e5 2. g3 Nf6 3. Bg2 Bc5 4. Nc3 c6 5. Nf3 e4 6. Nh4 d5 7. cxd5 cxd5 8. d3
Ng4 9. d4 Be7 10. f3 Bxh4 11. fxg4 Bf6 12. g5 Bxg5 13. Qb3 O-O 14. Qxd5 e3 15.
h4 Bh6 16. g4 Bxg4 17. Qxd8 Rxd8 18. Bxb7 Nd7 19. Bxa8 Rxa8 20. Rg1 f5 21. b3
Nf6 22. Ba3 Kf7 23. Nb5 g5 24. hxg5 Bxg5 25. Rc1 a6 26. Nd6+ Ke6 27. Rc6 Kd7 28.
Rc5 Bh4+ 29. Kd1 f4 30. Nc4 h5 31. Nb6+ Ke6 32. Re5+ Kf7 33. Nxa8 Bf2 34. Rg2 h4
35. Nb6 h3 36. Rh2 Bg1 37. Rh1 h2 38. Nc4 Kg6 39. Bc1 Bh3 40. Nxe3 1-0

[Event "Reykjavik Open 2026"]
[Site "Reykjavik ISL"]
[Date "2026.03.27"]
[Round "4.19"]
[White "Yu, Jennifer"]
[Black "Wadsworth, Matthew J"]
[Result "0-1"]
[WhiteTitle "FM"]
[BlackTitle "GM"]
[WhiteElo "2299"]
[BlackElo "2522"]
[WhiteFideId "2078341"]
[BlackFideId "415804"]
[EventDate "2026.03.25"]

1. d4 Nf6 2. c4 e6 3. Nc3 Bb4 4. e3 b6 5. Ne2 Ba6 6. Ng3 Bxc3+ 7. bxc3 d5 8.
cxd5 Bxf1 9. Nxf1 Qxd5 10. f3 Nc6 11. e4 Qc4 12. Bb2 O-O-O 13. Ne3 Qa6 14. Qe2
Qxe2+ 15. Kxe2 Rd7 16. Rhd1 Rhd8 17. Rd2 Ne8 18. Rad1 Na5 19. c4 f5 20. Rc2 fxe4
21. fxe4 e5 22. d5 Nd6 23. c5 Nxe4 24. c6 Rf7 25. Ke1 Nd6 26. Ba3 Rf4 27. Bxd6
Rxd6 28. g3 Re4 29. Ke2 Rf6 30. Rd3 g6 31. Ke1 Kd8 32. Re2 h5 33. Rc3 Rf3 34.
Kd1 Rd4+ 35. Kc2 Ke7 36. Rd3 Kd6 37. a3 Nc4 38. Rxd4 Nxe3+ 39. Rxe3 Rxe3 40. Ra4
a5 0-1

[Event "Reykjavik Open 2026"]
[Site "Reykjavik ISL"]
[Date "2026.03.27"]
[Round "4.20"]
[White "McCallum, Elliot"]
[Black "De Vleeschauwer, Maarten"]
[Result "0-1"]
[BlackTitle "FM"]
[WhiteElo "1812"]
[BlackElo "2277"]
[WhiteFideId "2645718"]
[BlackFideId "214809"]
[EventDate "2026.03.25"]

1. e4 c5 2. c3 Nf6 3. e5 Nd5 4. Nf3 Nc6 5. Bc4 Nb6 6. Bb3 c4 7. Bc2 g6 8. O-O
Bg7 9. Qe2 d6 10. exd6 Qxd6 11. Na3 Be6 12. Ng5 Bd5 13. Ne4 Qe6 14. Re1 O-O 15.
d3 cxd3 16. Bxd3 Rac8 17. Qd1 Ne5 18. Bf4 Nxd3 19. Qxd3 Qf5 20. Qe3 e5 21. Bg3
Qxe4 22. Qxe4 Bxe4 23. Rxe4 f5 24. Ree1 e4 25. Bd6 Rfd8 26. Rad1 Na4 27. Re2
Bxc3 28. Nb5 Bxb2 29. Nxa7 Rxd6 30. Rb1 Rc5 31. g4 Ra6 32. gxf5 gxf5 33. f3 exf3
34. Re8+ Kf7 35. Rbe1 Bd4+ 36. Kh1 Rxa7 37. R1e7+ Kf6 38. Re6+ Kg5 39. Rg8+ Kf4 0-1

[Event "Reykjavik Open 2026"]
[Site "Reykjavik ISL"]
[Date "2026.03.27"]
[Round "4.21"]
[White "Moor, Olivier"]
[Black "Hellstrand, Josefina"]
[Result "1-0"]
[WhiteTitle "IM"]
[WhiteElo "2290"]
[BlackElo "1766"]
[WhiteFideId "1303112"]
[BlackFideId "1776797"]
[EventDate "2026.03.25"]

1. d4 Nf6 2. c4 g6 3. Nc3 Bg7 4. e4 d6 5. Be2 Nc6 6. Nf3 Bd7 7. O-O O-O 8. d5
Nb8 9. h3 c6 10. Re1 cxd5 11. exd5 Na6 12. Bf1 Rc8 13. Nd4 Re8 14. Rb1 e6 15.
dxe6 Bxe6 16. Nxe6 Rxe6 17. Be3 Nc5 18. Qf3 Qe7 19. Red1 Nce4 20. Nd5 Nxd5 21.
cxd5 Rf6 22. Qg4 Rc2 23. Re1 h5 24. Qd1 Qc7 25. Rc1 Rxc1 26. Qxc1 Qxc1 27. Rxc1
Rf5 28. Rc8+ Kh7 29. Bd3 Re5 30. Bxe4 Rxe4 31. Rc7 Kg8 32. Rxb7 Re5 33. Rb8+ Kh7
34. Rb5 Re7 35. b3 Be5 36. Ra5 Rc7 37. Rxa7 Rc2 38. g4 hxg4 39. hxg4 Kg7 40. a4
Rb2 41. Rb7 Rb1+ 42. Kg2 Rd1 43. a5 Ra1 44. b4 Ra4 45. Rb6 Kf6 46. f4 Ra2+ 47.
Kf3 Bc3 48. Rxd6+ Ke7 49. Rb6 Ra3 50. Bc5+ Ke8 51. Ke2 Ra2+ 52. Kd3 Bd2 53. Ke4
Bc3 54. a6 Re2+ 55. Kd3 Rd2+ 56. Kxc3 Rxd5 57. a7 Rd8 58. Rb8 Kd7 59. Rxd8+ Kxd8
60. a8=Q+ Kc7 61. Qa7+ Kd8 62. Qe7+ Kc8 63. Bd6 f5 64. Qc7# 1-0

[Event "Reykjavik Open 2026"]
[Site "Reykjavik ISL"]
[Date "2026.03.27"]
[Round "4.22"]
[White "Han, Eva"]
[Black "Loncke, Matthieu"]
[Result "0-1"]
[WhiteElo "1710"]
[BlackElo "2263"]
[WhiteFideId "343095824"]
[BlackFideId "45197148"]
[EventDate "2026.03.25"]

1. f4 Nh6 2. Nf3 d5 3. e3 Bg4 4. Be2 e6 5. d4 Nf5 6. g3 h5 7. Ng5 Bxe2 8. Qxe2
c6 9. Nd2 Be7 10. Ndf3 Nd7 11. Bd2 Qb6 12. b3 g6 13. O-O c5 14. c3 O-O 15. Qg2
Kg7 16. g4 hxg4 17. Qxg4 Rh8 18. Rf2 Rh5 19. Rg2 Nf6 20. Nxe6+ Qxe6 21. Ng5 Nxg4
22. Nxe6+ fxe6 23. Rxg4 cxd4 24. exd4 Rah8 25. Re1 Rxh2 26. Rxe6 Rh1+ 27. Kf2
R8h2+ 28. Rg2 Bh4+ 29. Kf3 Rf1+ 30. Ke2 Ng3+ 31. Kd3 Rxg2 0-1

[Event "Reykjavik Open 2026"]
[Site "Reykjavik ISL"]
[Date "2026.03.27"]
[Round "4.23"]
[White "Maze, Sebastien"]
[Black "Austin, Freya"]
[Result "1-0"]
[WhiteTitle "GM"]
[WhiteElo "2530"]
[BlackElo "1708"]
[WhiteFideId "613762"]
[BlackFideId "39932079"]
[EventDate "2026.03.25"]

1. d4 Nf6 2. Nf3 g6 3. Nbd2 Bg7 4. e4 d6 5. Bb5+ Bd7 6. Bc4 O-O 7. O-O e5 8.
dxe5 dxe5 9. Nxe5 Qe7 10. f4 Nc6 11. Nxd7 Nxd7 12. c3 Na5 13. Bd3 Nc5 14. Bc2
Rad8 15. Qf3 Nc6 16. Nb3 Nxb3 17. axb3 Rd7 18. Be3 a5 19. Rad1 Rfd8 20. Rxd7
Rxd7 21. Rd1 b5 22. e5 Rxd1+ 23. Bxd1 Qe6 24. Be2 b4 25. Bc4 Qe8 26. Bb5 Nxe5
27. Bxe8 Nxf3+ 28. gxf3 bxc3 29. bxc3 Bxc3 30. f5 Kf8 31. Bb5 Ke7 32. fxg6 fxg6
33. Kf2 Kd6 34. Bc4 Ke7 35. f4 Kf6 36. Kf3 h6 37. Ke4 g5 38. fxg5+ hxg5 39. Bd4+
Bxd4 40. Kxd4 Kf5 41. Kc5 Ke4 42. Kb5 Kd4 43. Kxa5 Kc5 44. Ka6 c6 45. Kb7 Kd6
46. Kb6 Kd7 47. Kc5 1-0

[Event "Reykjavik Open 2026"]
[Site "Reykjavik ISL"]
[Date "2026.03.27"]
[Round "4.24"]
[White "Warmerdam, Max"]
[Black "Vincenti, Leonardo"]
[Result "1-0"]
[WhiteTitle "GM"]
[BlackTitle "FM"]
[WhiteElo "2575"]
[BlackElo "2226"]
[WhiteFideId "1048104"]
[BlackFideId "28550820"]
[EventDate "2026.03.25"]

1. c4 e6 2. Nc3 d5 3. d4 Nf6 4. cxd5 exd5 5. Bg5 c6 6. e3 h6 7. Bh4 Be7 8. Bd3
O-O 9. Qc2 Re8 10. Nge2 a5 11. O-O Na6 12. a3 Nc7 13. h3 Ne6 14. Bg3 Bd6 15. Be5
Nf8 16. f4 Be7 17. Kh1 N6h7 18. f5 Bf6 19. Bf4 Bg5 20. Ng1 Bxf4 21. exf4 Nf6 22.
Rad1 b5 23. Nce2 Qd6 24. Nf3 Ne4 25. Bxe4 Rxe4 26. Ne5 b4 27. axb4 axb4 28. Ng3
Re3 29. Qf2 Rb3 30. Rc1 Bb7 31. Rfe1 Ra2 32. Rc2 Qf6 33. Kh2 h5 34. Kg1 h4 35.
Ng4 Qd6 36. Nh5 Bc8 37. Qxh4 Bxf5 38. Nhf6+ gxf6 39. Nh6+ 1-0

[Event "Reykjavik Open 2026"]
[Site "Reykjavik ISL"]
[Date "2026.03.27"]
[Round "4.25"]
[White "Sterck, Arno"]
[Black "Brodsky, David"]
[Result "0-1"]
[WhiteTitle "FM"]
[BlackTitle "GM"]
[WhiteElo "2252"]
[BlackElo "2505"]
[WhiteFideId "228249"]
[BlackFideId "2073250"]
[EventDate "2026.03.25"]

1. e4 e5 2. Nf3 Nc6 3. Bc4 Nf6 4. d3 h6 5. a4 d6 6. a5 a6 7. Nc3 g6 8. O-O Bg7
9. Nd5 Nxd5 10. Bxd5 O-O 11. Be3 Kh7 12. Bxc6 bxc6 13. d4 Bg4 14. dxe5 Bxe5 15.
h3 Bxf3 16. Qxf3 Bxb2 17. Rab1 Be5 18. Qe2 Qd7 19. Qc4 d5 20. Rfd1 Rfd8 21. Qb3
Qe6 22. exd5 cxd5 23. Re1 Qf5 24. Qd3 Qxd3 25. cxd3 Bc3 26. Rec1 d4 27. Bf4 Rd7
28. Rb7 Bxa5 29. Rc4 Bc3 30. Rbxc7 Rxc7 31. Bxc7 a5 32. Ra4 Kg7 33. Be5+ Kf8 34.
Kf1 Rd8 35. Bc7 Rd5 36. Ke2 Ke7 37. Kf3 f5 38. g4 Kd7 39. Rc4 a4 40. Bb6 a3 41.
Ra4 Kc6 42. Bxd4 Rxd4 43. Rxa3 Rxd3+ 44. Ke2 Rxh3 45. Ra6+ Kd5 46. Rxg6 f4 47.
g5 hxg5 48. Rxg5+ Ke4 49. Rg1 Rd3 50. Rc1 Rd2+ 51. Kf1 Bd4 0-1